000 00271nam a22001217a 4500
008 181015b xxu||||| |||| 00| 0 eng d
041 _aeng
080 _a330
100 _a62
101 _aKON
245 _aPrinciples Of Accouting i
_cLerner.j.j
942 _2udc
_cBK
999 _c49758
_d49758